| 000 | 00412nam a22001697a 4500 | ||
|---|---|---|---|
| 003 | SGT | ||
| 020 | _a938426671X | ||
| 082 |
_a611 _bH22M |
||
| 100 | _aMARATHA, SUSHMA | ||
| 245 | _aHUMAN ANATOMY & PHYSIOLOGY PRACTICAL MANUAL | ||
| 250 | _a1ST | ||
| 260 |
_aDELHI _bBIRLA PUB. _c2022 |
||
| 300 | _a108 | ||
| 650 | _aANATOMY & PHYSIOLOGY | ||
| 653 | _aANATOMY , PHYSIOLOGY , HUMAN ANATOMY | ||
| 942 |
_2ddc _cBK |
||
| 999 |
_c23842 _d23842 |
||